Carregant...
Feminism and psychoanalytic theory
| Autor principal: | |
|---|---|
| Publicat: |
Cambridge, Polity Press
1989
|
| Matèries: |
| LEADER | 004530000a22001450004500 | ||
|---|---|---|---|
| 020 | |a 0-7456-0668-7 | ||
| 082 | |a 305.42 M9 | ||
| 100 | |a Chodorow, Nancy J | ||
| 245 | |a Feminism and psychoanalytic theory | ||
| 260 | |a Cambridge, Polity Press | ||
| 260 | |c 1989 | ||
| 650 | |a Feminism | ||
| 650 | |a Psychoanalytic feminism | ||
| 999 | |c 89809 |d 89809 | ||
| 952 | |0 0 |1 0 |4 0 |6 305_420000000000000_M9 |7 0 |9 82143 |a SBES |b SBES |d 2016-08-12 |l 0 |o 305.42 M9 |p SBES00543 |r 2016-08-12 |w 2016-08-12 | ||